Countries Most Similar To Burkina Faso - Statistics

General Stats
  • This quiz has been taken 28 times
  • The average score is 15 of 20
Answer Stats
Rank Country Score % Correct
9 Chad 73.9
94%
11 Cameroon 72.4
89%
12 Gambia 72
89%
6 Guinea 77
89%
8 Guinea Bissau 74
89%
7 Niger 75.8
89%
1 Benin 82.1
83%
5 Ivory Coast 77.4
83%
2 Mali 82.1
83%
14 Nigeria 70.9
83%
4 Togo 77.7
83%
16 Republic of the Congo 69.6
78%
3 Senegal 79.8
78%
10 CAR 72.5
72%
17 Ghana 68.4
72%
13 Sierra Leone 71.1
72%
18 DRC 68.2
61%
15 Burundi 70
56%
19 Tanzania 68
50%
20 Kenya 67.2
44%
No matching quizzes found
Score Distribution
Percent of People with Each Score
Percentile by Number Answered
Your Score History
You have not taken this quiz